Online
Catalog

Advances in inflammation research / (Record no. 35859)

MARC details
000 -CABECERA
campo de control de longitud fija 00745nam a2200229 a 4500
001 - NÚMERO DE CONTROL
campo de control 000036368
003 - IDENTIFICADOR DEL NÚMERO DE CONTROL
campo de control OSt
005 - FECHA Y HORA DE LA ÚLTIMA TRANSACCIÓN
campo de control 20201202085006.0
008 - DATOS DE LONGITUD FIJA--INFORMACIÓN GENERAL
campo de control de longitud fija 120116s1984 xxua 000 0 eng d
040 ## - FUENTE DE LA CATALOGACIÓN
Centro catalogador/agencia de origen DO-SdBNP
Lengua de catalogación spa
Centro/agencia transcriptor BNPHU
082 ## - NÚMERO DE LA CLASIFICACIÓN DECIMAL DEWEY
Número de clasificación nnn
Número de documento/Ítem A244i
245 00 - MENCIÓN DE TÍTULO
Título Advances in inflammation research /
Mención de responsabilidad, etc. volume editor, Gerald Weissmann.
260 ## - PUBLICACIÓN, DISTRIBUCIÓN, ETC.
Lugar de publicación, distribución, etc. New York :
Nombre del editor, distribuidor, etc. Raven Press,
Fecha de publicación, distribución, etc. 1984.
300 ## - DESCRIPCIÓN FÍSICA
Extensión v. ;
Dimensiones 30 cm.
490 1# - MENCIÓN DE SERIE
Mención de serie Advances in inflammation research
Designación de volumen o secuencia 8
500 ## - NOTA GENERAL
Nota general La biblioteca posee el v. 8 y 9
590 ## - NOTA LOCAL (RLIN)
Nota local Inventariado, 2019 /LP
650 24 - PUNTO DE ACCESO ADICIONAL DE MATERIA--TÉRMINO DE MATERIA
Término de materia o nombre geográfico como elemento de entrada Inflamación
Subdivisión general Congresos, conferencias, etc.
9 (RLIN) 62555
700 1# - PUNTO DE ACCESO ADICIONAL--NOMBRE DE PERSONA
Nombre de persona Weissmann, Gerald,
Término indicativo de función/relación editor
9 (RLIN) 62556
830 #0 - PUNTO DE ACCESO ADICIONAL DE SERIE-TÍTULO UNIFORME
Título uniforme Advances in inflammation research
Designación de volumen o secuencia 8
9 (RLIN) 62557
942 ## - ELEMENTOS DE PUNTO DE ACCESO ADICIONAL (KOHA)
Fuente del sistema de clasificación o colocación Dewey Decimal Classification
Tipo de ítem Koha Libro
Holdings
Estado de retiro Estado de pérdida Restricciones de uso No para préstamo Código de colección Localización permanente Ubicación/localización actual Ubicación en estantería Fecha de adquisición Número de inventario Total de préstamos Signatura topográfica completa Código de barras Fecha visto por última vez Precio válido a partir de Tipo de ítem Koha Fuente del sistema de clasificación o colocación Número de copia
      Excluido de préstamo Monografías: Libros y Folletos General General Depósito 16.01.2012 LF1   v.8 36369-10 25.06.2020 25.06.2020 No se presta    
      Excluido de préstamo Monografías: Libros y Folletos Biblioteca Nacional Pedro Henríquez Ureña General Depósito 02.12.2020     nnn A244i   02.12.2020 02.12.2020 Libro Dewey Decimal Classification v. 8, e. 2

Powered by Koha